All Incorporated Municipalities of Dutchess County, New York - Statistics

General Stats
  • This quiz has been taken 22 times
  • The average score is 21 of 30
Answer Stats
Answer % Correct
Poughkeepsie
100%
Poughkeepsie
100%
Beacon
92%
East Fishkill
92%
Fishkill
92%
Fishkill
92%
Hyde Park
92%
Wappinger
92%
Red Hook
85%
Red Hook
85%
Dover
77%
Pawling
77%
Pawling
77%
Washington
77%
Beekman
69%
La Grange
69%
Wappingers Falls
69%
Amenia
62%
Clinton
62%
Pleasant Valley
62%
Milan
54%
Rhinebeck
54%
Rhinebeck
54%
Stanford
54%
Union Vale
54%
Millbrook
46%
North East
46%
Pine Plains
46%
Millerton
38%
Tivoli
38%
No matching quizzes found
Score Distribution
Percent of People with Each Score
Percentile by Number Answered
Your Score History
You have not taken this quiz